| 000 | 01539nam a2200313Ia 4500 | ||
|---|---|---|---|
| 000 | nam a22 i 4500 | ||
| 001 | UNACH-12961 | ||
| 007 | ta | ||
| 008 | 221212s ||||fr|||| 00| | spa d | ||
| 020 | _a978-6-07-171550-0 | ||
| 041 | 0 | _aspa | |
| 082 | 0 | 4 |
_a302.2 _bComunicación |
| 100 | 1 |
_aLimón Peña, Moisés, _eautor |
|
| 245 | 1 | 0 |
_aComunicación en situación de crisis : _bGuía de gestión |
| 264 | 3 | 1 |
_a[México, D.F.] : _aMéxico : _bTrillas, _c2013 |
| 300 |
_a112 páginas : _bgráficos |
||
| 336 |
_atexto _btxt _2rdacontent |
||
| 337 |
_ano mediado _bn _2rdamedia |
||
| 338 |
_avolumen _bnc _2rdacarrier |
||
| 504 | _aIncluye,Índice de Contenido, Índice Analítico, Bibliografía. | ||
| 505 | 0 | _a¿Crisis?,¿qués es eso?.-- ¿Prevengo, luego evito?.-- De frente y sin miedo.-- ¿Cuál es el mejor camino.-- Salimos de esta. | |
| 520 | 3 | _aLa presente obra constituye una valiosa guía para los ejecutivos, directivos, profesionistas y estudiantes de la comunicación que necesitan saber cómo gestionar una crisis, prevenirla, enfrentarla, resolverla y evitar, según sea el caso y en la medida de lo posible, que vuelva a repetirse esa amarga experiencia. Comunicación en Situación de Crisis. Guia de gestión, reúne trabajos de investigación y experiencias de diversos especialistas, con una visión panorámica y al mismo tiempo integradora. | |
| 650 | 1 | 4 | _aCOMUNICACIÓN Y CRISIS |
| 650 | 2 | 4 | _aIMAGEN POSITIVA |
| 650 | 2 | 4 | _aPLAN DE CRISIS |
| 653 | 0 | _aComunicación | |
| 942 |
_2ddc _c1 _n0 |
||
| 999 |
_c9933 _d9933 |
||